| 000 | 00492cam a2200193 4500 | ||
|---|---|---|---|
| 001 | D5856 | ||
| 008 | 090401t1977 xxu||||| |||| 00| 0 eng d | ||
| 035 | _a(Sirsi) u98109 | ||
| 041 | _aeng | ||
| 050 | _a690.24 | ||
| 110 |
_aInstitute of Building _92440 |
||
| 245 | _aBuilding maintenance; present and future | ||
| 260 |
_aAscot _bInstitute of Building _c1977 |
||
| 300 | _a13p. 30cm | ||
| 350 | _a0 | ||
| 490 |
_aMaintenance Information Service _v1 |
||
| 942 | _n0 | ||
| 948 | _c04/03/1997 | ||
| 999 |
_c99089 _d99089 |
||